| 000 | 00354nam a22001697a 4500 | ||
|---|---|---|---|
| 003 | SGT | ||
| 020 | _a9781604068108 | ||
| 082 |
_a617.89 _bH12D |
||
| 100 | _aDILLON, HARVEY | ||
| 245 | _aHEARING AIDS | ||
| 250 | _a2ND | ||
| 260 |
_aNEW YORK _bTHIEME PUB _c2012 |
||
| 300 | _a608 | ||
| 650 | _aAUDIOLOGY | ||
| 653 | _aHEARING AIDS | ||
| 942 |
_2ddc _cBK |
||
| 999 |
_c22972 _d22972 |
||